000
00314nam a22001337a 4500
008
171016b xxu||||| |||| 00| 0 eng d
020
_a
9780130482259
041
_a
eng
080
_2
5 ED
_a
331.101.262
100
_a
52
101
_a
BNJ
245
_a
PRENCIPLES OF BEHAVIOR
_c
MALOTT.R.W
942
_2
udc
_c
BK
999
_c
34190
_d
34190